Scopas y Praxiteles: la escultura griega desde el siglo IV hasta la época de Alejandro
Enregistré dans:
| Auteur principal: | |
|---|---|
| Format: | Livre |
| Langue: | espagnol |
| Publié: |
Buenos Aires
El Ateneo
1948
|
| Sujets: | |
| Tags: |
Ajouter un tag
Pas de tags, Soyez le premier à ajouter un tag!
|
MARC
| LEADER | 00000nam a2200000 a 4500 | ||
|---|---|---|---|
| 001 | UCV9828 | ||
| 003 | CL-VaPUC | ||
| 008 | 930607e19480000AG |||||||||||||||||spa|d | ||
| 082 | 0 | 4 | |a 733.3 |b COL |2 21 |
| 100 | 0 | |a Collignon, Maximo |e author |9 303832 | |
| 245 | 1 | 0 | |a Scopas y Praxiteles: la escultura griega desde el siglo IV hasta la época de Alejandro |
| 300 | |a 198 p | ||
| 942 | |c BK | ||
| 945 | |d 19930607 00:00:00 | ||
| 260 | |a Buenos Aires |b El Ateneo |c 1948 | ||
| 650 | 7 | |a ESCULTURA GRIEGA |2 CL-VaPUC |9 268749 | |
| 583 | |a last modification |c 19930607 00:00:00 |k Rodrigo Vera | ||
| 999 | |c 215111 |d 215109 | ||
| 952 | |0 0 |1 0 |4 0 |6 733_300000000000000_COL_1948 |7 0 |8 P |9 199096 |a BIBARQ |b BIBARQ |d 2019-11-14 |i 2664194 |o 733.3 COL 1948 |p 2664194 |r 2025-01-20 |w 2019-11-14 |y BK |k ARQ | ||